Irásbeli Feladatok A Helyesirás És Fogalmazás Gyakorlására. Polgári És Elemi Iskolár Számára.

Bibliographic Details
Main Author: Záborszky, Lajos (Author)
Format: Book
Language:Hungarian
PhysicalDescription:56 strán, 3 nečíslované strany 19 cm
Subjects:

MARC

LEADER 00000nam a2200000 4500
001 vtls011901476
003 SK-MaSNL
005 20260426003619.0
008 210201s1908 xo g 0 1n0 hun
015 |a SNBHFA1908 
035 |a 8C483614-352B-4B21-A0B9-0D39D01C07C9 
035 |a urn:nbn:sk:snk-am3ifk5 
035 |a urn:nbn:sk:snk-am00e8fa 
040 |a SNKHF  |b slo  |c SNK  |e rda 
041 0 |a hun 
043 |a e-xo--- 
044 |a xo  |c SK 
072 7 |a 003  |x Systémy písania a písma  |2 konspekt 
072 7 |a 37  |x Výchova a vzdelávanie  |2 konspekt 
072 7 |a 37.016  |x Učebné osnovy. Vyučovacie predmety. Učebnice  |2 konspekt 
080 |a 37.016:003-028.31  |2 2011 
080 |a 37.018.8  |2 2011 
100 1 |a Záborszky, Lajos  |4 aut  |9 618411 
245 1 0 |a Irásbeli Feladatok A Helyesirás És Fogalmazás Gyakorlására. Polgári És Elemi Iskolár Számára.  |c Összeállitotta: Záborszky Lajos Sajógömöri Polg. Isk. Tanár 
264 3 |a Rimaszombat  |b Nyomatott Lévai Izsó Könyvnyomdájában  |c 1908 
300 |a 56 strán, 3 nečíslované strany  |c 19 cm 
336 |a text  |b txt  |2 rdacontent 
337 |a bez média  |b n  |2 rdamedia 
338 |a zväzok  |b nc  |2 rdacarrier 
500 |a Obálka v secesnom ozdobnom ráme 
500 |a Na titulnom liste uvedené: Ára 1 korona 
546 |a Maďarčina 
563 |a Väzba: papierová obálka - zachovaná.  |5 SNK SD 88677 
650 0 7 |a slovaciká  |2 SNKPH  |9 71566 
650 0 7 |a gramatika  |2 SNKPH  |9 865 
650 0 7 |a vzdelávanie  |2 SNKPH  |9 4033 
752 |a Slovensko  |d Rimavská Sobota 
852 |a snk  |p SD 88677 
958 |a ONDV 
999 |c 950010  |d 951940 
952 |t B 5217  |a SNK  |b SNK  |y PREZ  |7 0  |p 17A1394757  |o snkSD 88677  |i snk2019/29844  |8 5  |0 0  |1 0  |4 0  |d 2019-11-19  |f 1  |l 0  |r 2026-02-24 09:45:44  |w 2026-02-24